| 000 | 00953nas a2200301 4500 | ||
|---|---|---|---|
| 001 | BR0603143 | ||
| 003 | BR-BrBNA | ||
| 005 | 20231205110143.0 | ||
| 007 | ta | ||
| 008 | 230509b bl.|||p| |||| 00| 00por d | ||
| 040 |
_aBR-BrBNA _bpor _cBiblioteca Nacional de Agricultura |
||
| 041 | _a(Pt) | ||
| 072 | _aF03 | ||
| 100 | 1 | _aMonks, P.L. | |
| 100 | 1 | _aFerreira, O.G.L. | |
| 100 | 1 | _aPólo, E.A. | |
| 100 | 1 | _aSilva, J.B. da | |
| 245 | 1 | _aProdução e qualidade de sementes de Macroptilium lathyroides (L.)Urb. sob diferentes espaçamentos e épocas de colheita | |
| 650 | _aLEGUMINOSA FORRAGEIRA | ||
| 650 | _aPRODUÇÃO DE SEMENTES | ||
| 650 | _aQUALIDADE | ||
| 650 | _aESPAÇAMENTO | ||
| 650 | _aÉPOCA DE COLHEITA | ||
| 650 | _aGERMINAÇÃO | ||
| 773 | 0 |
_tPesquisa Agropecuária Tropical (Brazil) _xISSN 1517-6398 _g(May-Aug 2006), v. 36(2) p. 107-112 _wBR0603143 |
|
| 909 |
_a202311 _bLúcia _c55 _dLúcia Elande |
||
| 942 |
_2AGRIS _n0 _cANA |
||
| 999 |
_c186361 _d186361 |
||